Visualizzazione normale
Vista MARC
- FLAMENCO [COMPACT DISC]
di Topical Term
Records bibliografici associati: 1
001 - CONTROL NUMBER
- control field: 33003
003 - CONTROL NUMBER IDENTIFIER
- control field: IT-RoPau
005 - DATE AND TIME OF LATEST TRANSACTION
- control field: 20140703102533.0
008 - FIXED-LENGTH DATA ELEMENTS
- fixed length control field: 140703|| aca||aabn | a|a d
040 ## - CATALOGING SOURCE
- Original cataloging agency: IT-RoPau
- Transcribing agency: IT-RoPau
150 ## - HEADING--TOPICAL TERM
- Topical term or geographic name entry element: FLAMENCO [COMPACT DISC]
- : Codice MATERIA SPICS: 9949
670 ## - SOURCE DATA FOUND
- Source citation: Work cat.: (IT-RoPau)103465: De Lucia Paco 22744, Fabulosa guitarra (La) - Fantasia flamenca - El duende flamenco